00730 2200241 4500001002100000005001500021035002000036007000300056008004100059020002200100082001000122084001600132100002500148245013100173250001000304260004500314300002900359650001300388700003300401520003000434990001200464990001200476INLIS00000000000172120180313101636 a0010-0318000064ta180313 g 0 ind  a978-979-22-9894-9 a153.8 a153.8 ADR k0 aADRIANA, S. Ginanjar1 aKompromi Dua Hati :bBersama Pasangan Menikmati Perkawinan Bahagia /cAdriana S. Ginanjar; editor, Veronica Wahyuningkintarsih acet.2 aJakarta :bGramedia Pustaka Utama,c2016 axiii, 172 hlm. ;c20 cm. aMOTIVASI0 aVERONICA, Wahyuningkintarsih abibliografi: hlm. 171-172 a16456 a a16456 b